Cine y arqueología (Registro nro. 437123)

Detalles MARC
000 -LÍDER
Campo fijo de descripción fija 00691nam a22002417a 4500
003 - IDENTIFICADOR DEL NÚMERO DE CONTROL
Campo de control BCEG
005 - FECHA Y HORA DE LA ULTIMA TRANSACCIÓN
control field 20260323112421.0
008 - ELEMENTOS DE LONGITUD FIJA -- INFORMACIÓN GENERAL
Campo fijo de descripción fija -- Información general 260323s2023 sp|||||| |||| 00| 0 spa d
020 ## - ISBN
Isbn 9788416750597
040 ## - FUENTE DE CATALOGACIÓN
Agencia de catalogación original BCEG
Idioma de catalogación spa
Agencia que realiza la transcripción BCEG
082 04 - NÚMERO DE CLASIFICACIÓN DECIMAL DEWEY
Número de clasificación 791.4309
Clave de autor-Numero de item T266c
100 1# - ASIENTO PRINCIPAL--NOMBRE PERSONAL
Nombre del autor personal Tejerizo García, Carlos,
Fechas asociadas con el nombre 1987-.
245 10 - TÍTULO PROPIAMENTE DICHO
Título Cine y arqueología
Otra información sobre el título - Subtitulo : la arqueología y la gran campaña.
260 ## - PUBLICACIÓN, DISTRIBUCIÓN, ETC. (PIE DE IMPRENTA)
Lugar de publicación, distribución, etc. Córdoba, España :
Nombre del editor, distribuidor, etc. Almuzara,
Fecha de publicación, distribución, etc. 2023.
300 ## - DESCRIPCIÓN FÍSICA
Extensión 332 p.
490 ## - MENCIÓN DE SERIE
Mención de serie Chaplin. Berenice.
500 ## - NOTA GENERAL
Nota General Incluye filmografía.
541 ## - NOTA DE FUENTE INMEDIATA DE ADQUISICIÓN
Nota de fuente de adquisición Compra.
650 14 - ASIENTO SECUNDARIO DE MATERIA - TERMINO TEMÁTICO
Término temático o nombre geográfico como elemento de entrada Cine
Subdivisión general Historia y crítica.
650 14 - ASIENTO SECUNDARIO DE MATERIA - TERMINO TEMÁTICO
Término temático o nombre geográfico como elemento de entrada Arqueología.
700 1# - ASIENTO SECUNDARIO - NOMBRE PERSONAL
Nombre personal Barreiro Martínez, David,
Función o responsabilidad del autor prol.
942 ## - TIPO DE MATERIAL (KOHA)
Tipo de Item KOHA Libro
Existencias
No para Préstamo Colección Biblioteca de Origen Biblioteca Permanente Fecha de Adquisición Fuente de Adquisicion Total de Préstamos Signatura Topográfica Código de Barras Última vez visto Tipo de Material Ejemplar
Material en Reserva General Biblioteca Central Estatal de Guanajuato, "Wigberto Jiménez Moreno" Biblioteca Central Estatal de Guanajuato, "Wigberto Jiménez Moreno" 23/03/2026 COMPRA-2025   791.4309 T266c BCEG8655231030 23/03/2026 Libro  
  General Biblioteca Central Estatal de Guanajuato, "Wigberto Jiménez Moreno" Biblioteca Central Estatal de Guanajuato, "Wigberto Jiménez Moreno" 23/03/2026 COMPRA-2025   791.4309 T266c BCEG8655231031 23/03/2026 Libro ej. 2